000 00334nam a22001337a 4500
008 170706b xxu||||| |||| 00| 0 eng d
020 _a9780312463168
041 _aeng
080 _210 ED
_a82
100 _a22
101 _aGJL
245 _aLANGUAGE AWARENSES RE\ADINGS FOR COLLEGE WRITERS
_cSCHHOLZ.P
942 _2udc
_cBK
999 _c19945
_d19945